Cities with Multiple North American Pro Sports Teams - Statistics

General Stats
  • This quiz has been taken 38 times
  • The average score is 19 of 22
Answer Stats
State City % Correct
New York New York
97%
Massachusetts Boston
94%
Texas Dallas
94%
Michigan Detroit
94%
California Los Angeles
94%
Florida Miami
94%
Georgia Atlanta
91%
Illinois Chicago
91%
Texas Houston
91%
Pennsylvania Philadelphia
91%
California San Francisco
91%
Maryland Baltimore
88%
Ohio Cleveland
88%
Colorado Denver
88%
Washington Seattle
88%
Louisiana New Orleans
85%
New York Buffalo
82%
Ohio Cincinnati
82%
Pennsylvania Pittsburgh
82%
Missouri Kansas City
79%
Wisconsin Milwaukee
79%
Missouri St. Louis
79%
No matching quizzes found
Score Distribution
Percent of People with Each Score
Percentile by Number Answered
Your Score History
You have not taken this quiz